Lóczy, una insólita atención personal

Enregistré dans:
Détails bibliographiques
Auteurs principaux: David, Myriam (Auteur), Appell, Geneviève (Auteur)
Format: Livre
Langue:espagnol
Publié: Barcelona Ediciones Octaedro S. L 2013
Édition:3a. ed
Collection:Temas de Infancia, 25
Sujets:
Tags: Ajouter un tag
Pas de tags, Soyez le premier à ajouter un tag!

MARC

LEADER 00000cam a2200000 a 4500
001 UCD6945
003 CL-VaPUC
008 170303e20130000sp |||||||||||||||||spa|d
020 |a 9788499210605 
082 0 4 |a 362.73  |b DAV  |2 21 
100 0 |a David, Myriam  |e author  |9 590838 
700 0 |a Appell, Geneviève  |e author  |9 590839 
245 1 0 |a Lóczy, una insólita atención personal 
250 |a 3a. ed 
300 |a 180 p 
942 |c BK 
945 |d 20170303 17:35:00  |a dcastane 
260 |a Barcelona  |b Ediciones Octaedro S. L  |c 2013 
650 7 |a NIÑOS ABANDONADOS  |2 CL-VaPUC  |9 307993 
650 7 |a GUARDERIAS INFANTILES  |2 CL-VaPUC  |9 335795 
650 0 |a Adopción  |9 255783 
650 7 |a CUIDADO DE MENORES  |2 CL-VaPUC  |9 560445 
583 |a last modification  |c 20170303 17:35:00  |k Rodrigo Vera 
490 0 |a Temas de Infancia, 25 
999 |c 367117  |d 367115 
952 |0 0  |1 0  |3 erb  |4 0  |6 362_730000000000000_DAV_2013  |7 0  |8 A  |9 481808  |a BIBEDU  |b BIBEDU  |i 5362342  |o 362.73 DAV 2013  |p 5362342  |r 2019-11-24  |w 2019-11-24  |y BK  |z Catalogado en:20170303  |k PAR